000 04792cam a22012974i 4500
003 PE-LiUPU
005 20250813185607.0
008 150706s2010 sp a rb 000 0 spa d
020 _a9788420654614
035 _a(Sirsi) i9788420654614
040 _aPE-LiUPU
_bspa
_cPE-LiUPU
_erda
049 _aPRUA
082 0 4 _a371.782
_bAg2
_221
245 0 1 _aAgresividad injustificada, "bullying" y violencia escolar /
_cRosario Ortega (coord.) .
264 1 _aMadrid :
_bAlianza Editorial, D.L,
_c2010.
300 _a416 páginas :
_bilustraciones, gráficos ;
_c23 centímetros
336 _atext
_2rdacontent
337 _aunmediated
_2rdamedia
338 _avolume
_2rdacarrier
504 _aIncluye bibliografía.
505 0 _aTreinta años de investigación y prevención del bullying y la violencia escolar -- Violencia escolar y bullying -- Orígenes y primeros estudios del bullying escolar -- El estudio científico del fenómeno bullying -- Bullying en la escuela: un fenómeno grupal -- Bullying: un fenómeno inmoral -- Bullying en la escuela infantil -- Bullying entre hermanos -- Nuevas formas de violencia juvenil, contextos y poblaciones vulnerables -- El uso violento de la tecnología: El cyberbullying -- Violencia sexual y cortejo juvenil -- Sociedades pluriculturales y violencia escolar racista -- Pobreza, subdesarrollo y violencia escolar -- La apropiación de la identidad: una forma cruel de violencia. Intervención psicoeducativa contra el bulllying y la violencia escolar -- Construir la convivencia para prevenir la violencia: un modelo ecológico -- El modelo ABC para prevenir y afrontar el bullying -- Sociología y violencia escolar: un enfoque contextual -- Evaluación de programas de intervención: el proyecto "beispiel des wisk".
526 _aP202
526 _aP201
526 _aP163
526 _aP162
526 _aP161
526 _aP160
526 _aP148
526 _aP147
526 _aP146
526 _aP145
526 _aP144
526 _aP143
526 _aP142
526 _aP141
526 _aP140
526 _aP139
526 _aP138
526 _aP137
526 _aP136
526 _aP135
526 _aP134
526 _aP133
526 _aP129
526 _aP128
526 _aP127
526 _aP120
526 _aP119
526 _aP118
526 _aP116
526 _aP115
526 _aP114
526 _aP110
526 _aP109
526 _aP108
526 _aP104
526 _aP103
526 _aP102
526 _aP99
526 _aP98
526 _aP97
526 _aP96
526 _aP95
526 _aP93
526 _aP90
526 _aP89
526 _aP88
526 _aP83
526 _aP82
526 _aP62
526 _aP59
526 _aP58
526 _aP57
526 _aP51
526 _aP49
526 _aP48
526 _aP47
526 _aP29
526 _aP24
526 _aP20
526 _aP19
526 _aP17
526 _aP15
526 _aP14
526 _aP12
526 _aP10
526 _aP09
526 _aP08
526 _aP07
526 _aP06
526 _aP05
526 _aP04
526 _aP01
541 _g001-003364;
541 _g001-000069;
541 _g001-000069;
650 0 4 _aAcoso moral en la escuela.
650 0 4 _aViolencia en la escuela.
650 0 4 _aMediación escolar.
700 1 _aOrtega Ruiz, Rosario,
_ecoord.
910 _agl20110905
942 _2ddc
_cBOOK
949 _a371.782 AG2
_wDEWEY
_c1
_i63576
_lCCODEBUL1
_mBUL
_p38.00
_r0
_sY
_tBOOK
_u2015-7-6
_xSALUD
_PP33
_o.STAFF. Colección General
949 _a371.782 AG2
_wDEWEY
_c2
_i66040
_lCCODEBUL1
_mBUL
_p75.00
_r0
_sY
_tBOOK
_u2015-7-6
_xSALUD
_PP33
_o.STAFF. Colección General
949 _a371.782 AG2
_wDEWEY
_c3
_i66041
_lCCODEBUL1
_mBUL
_p75.00
_r0
_sY
_tBOOK
_u2015-7-6
_xSALUD
_PP33
_o.STAFF. Colección General
994 _aC0
_bPEPRU
596 _a1
999 _a371.782 AG2
_wDEWEY
_c52485
_i63576
_d52485
_e2018-6-13
_f2021-11-8
_g5
_lCCODEBUL1
_mBUL
_n4
_p38.00
_q2
_r0
_sY
_tBOOK
_u2015-7-6
_xEDUCACION
_PP33
_0COMPRA
_o.STAFF. Colección Ciencias de la Salud
999 _a371.782 AG2
_wDEWEY
_c2
_i66040
_d2018-10-5
_e2018-10-1
_f2021-11-8
_g5
_lCCODEBUL1
_mBUL
_n8
_p75.00
_q2
_r0
_sY
_tBOOK
_u2015-7-6
_xEDUCACION
_PP33
_0COMPRA
_o.STAFF. Colección Ciencias de la Salud
999 _a371.782 AG2
_wDEWEY
_c3
_i66041
_d2018-10-4
_e2018-10-2
_f2021-11-8
_g5
_lCCODEBUL1
_mBUL
_n3
_p75.00
_q2
_r0
_sY
_tBOOK
_u2015-7-6
_xEDUCACION
_PP33
_0COMPRA
_o.STAFF. Colección Ciencias de la Salud
980 _81
_gALBERTO SANCHEZ Responsable de Automatización